[Event "Admiral Niels Juel Cup 2013"]
[Site "Koge"]
[Date "2013.04.27"]
[Round "10"]
[White "Arjun, Bharat"]
[Black "Sharma, Dinesh K"]
[Result "1/2-1/2"]
[WhiteElo "2281"]
[BlackElo "2371"]
[PlyCount "104"]
[EventDate "2013.??.??"]
[EventCountry "DEN"]


1. d4 Nf6 2. c4 g6 3. Nc3 Bg7 4. e4 d6 5. Nf3 O-O 6. Be2 Na6 7. O-O e5 8. Be3
Ng4 9. Bg5 Qe8 10. Re1 exd4 11. Nd5 d3 12. Qxd3 Bxb2 13. Rab1 Bg7 14. Be7 c6
15. Bxf8 Qxf8 16. Ne3 Nc5 17. Qa3 h5 18. Bf1 Qe7 19. Nc2 h4 20. h3 Ne5 21. Ncd4
Be6 22. Nxe5 Bxe5 23. Nf3 Kg7 24. Rbd1 a5 25. Qe3 Re8 26. Nxe5 dxe5 27. f4 exf4
28. Qxf4 Bc8 29. e5 Bf5 30. Qd4 Ne6 31. Qe3 Qc5 32. Qxc5 Nxc5 33. Rd4 g5 34.
Kf2 Nd7 35. Bd3 Bxd3 36. Rxd3 Nxe5 37. Rdd1 f6 38. c5 Kg6 39. Rd4 Re7 40. Re3
Kf5 41. Ra3 Ng6 42. Rxa5 Nf4 43. Rd2 Re5 44. Ra7 Ne6 45. Re2 Nxc5 46. Rxe5+
Kxe5 47. Ra8 b5 48. Kf3 f5 49. Rc8 Ne6 50. Ke3 Kd6 51. Rg8 Ke5 52. Rb8 Kd5
1/2-1/2

[Event "Admiral Niels Juel Cup 2013"]
[Site "Koge"]
[Date "2013.04.27"]
[Round "10"]
[White "Rishubh Naresh, Naik"]
[Black "Pedersen, Hans Dahl"]
[Result "0-1"]
[WhiteElo "1942"]
[BlackElo "2174"]
[PlyCount "68"]
[EventDate "2013.??.??"]
[EventCountry "DEN"]


1. d4 d5 2. Nf3 Nf6 3. e3 a6 4. c4 c6 5. Nbd2 Bf5 6. b3 e6 7. Bb2 Nbd7 8. Be2
Be7 9. O-O h6 10. c5 O-O 11. b4 Qc7 12. h3 Rfe8 13. Re1 Bh7 14. Qb3 Bf8 15. Bd3
Ne4 16. Qc2 f5 17. a4 g5 18. Ne5 Nxe5 19. dxe5 Bg7 20. f4 Qe7 21. Bd4 Kh8 22.
Kh2 gxf4 23. exf4 Qh4 24. Rf1 Rg8 25. Rf3 h5 26. Rg1 Bh6 27. g3 Qe7 28. h4 Rg4
29. Bf1 Rag8 30. Bh3 Rxg3 31. Nxe4 Rxf3 32. Ng5 Rxf4 33. Be3 Rxh4 34. Qf2 Bxg5
0-1

[Event "Admiral Niels Juel Cup 2013"]
[Site "Koge"]
[Date "2013.04.27"]
[Round "10"]
[White "Shaikh, Mohammad Nubairshah"]
[Black "Nielsen, Michael(1983)"]
[Result "1/2-1/2"]
[WhiteElo "2166"]
[BlackElo "2176"]
[PlyCount "37"]
[EventDate "2013.??.??"]
[EventCountry "DEN"]


1. d4 Nf6 2. c4 g6 3. Nc3 d5 4. Bf4 Bg7 5. e3 O-O 6. Qb3 c6 7. Nf3 Qb6 8. Nd2
Nbd7 9. Be2 Re8 10. cxd5 Nxd5 11. Nxd5 cxd5 12. Qxb6 Nxb6 13. O-O f6 14. Bc7 e5
15. Nb3 Bd7 16. Bf3 Bc6 17. Na5 Rec8 18. Bd6 Kf7 19. b3 1/2-1/2

[Event "Admiral Niels Juel Cup 2013"]
[Site "Koge"]
[Date "2013.04.27"]
[Round "10"]
[White "Dambrauskas, Virginijus"]
[Black "Stojanovski, Sandi"]
[Result "1/2-1/2"]
[WhiteElo "2315"]
[BlackElo "2260"]
[PlyCount "115"]
[EventDate "2013.??.??"]
[EventCountry "DEN"]


1. d4 Nf6 2. c4 e6 3. Nc3 Bb4 4. Qc2 c5 5. dxc5 Bxc5 6. Nf3 Nc6 7. e3 O-O 8.
Be2 a6 9. O-O b6 10. b3 Bb7 11. Bb2 Rc8 12. Rfd1 Qc7 13. Rac1 Rfd8 14. h3 Ne7
15. Na4 Ng6 16. Nxc5 bxc5 17. Qb1 Ne8 18. Rd2 Bc6 19. Bc3 Rb8 20. Rcd1 a5 21.
Ne1 a4 22. Bf3 Rb7 23. Rb2 Rdb8 24. Qc2 axb3 25. Rxb3 Rxb3 26. axb3 Ne7 27.
Bxc6 Nxc6 28. Nd3 d6 29. Ra1 Qb7 30. Ra3 Ra8 31. Qa2 Nc7 32. Rxa8+ Qxa8 33.
Qxa8+ Nxa8 34. Kf1 Kf8 35. Ke2 Nc7 36. Kd2 f6 37. g4 Ke7 38. f3 Ne5 39. Nxe5
fxe5 40. Kd3 Ne8 41. h4 g6 42. Kc2 Kd7 43. Kd3 Nf6 44. Ke2 Ng8 45. Kf2 Ne7 46.
Kg3 h5 47. Kf2 e4 48. gxh5 gxh5 49. fxe4 e5 50. Bd2 Ng8 51. Kf3 Nf6 52. b4 cxb4
53. Bxb4 Kc6 54. Ba3 Nd7 55. Bb4 Nf6 56. Ba3 Nd7 57. Bb4 Nf6 58. Ba3 1/2-1/2

[Event "Admiral Niels Juel Cup 2013"]
[Site "Koge"]
[Date "2013.04.27"]
[Round "10"]
[White "Thuesen, Mogens Henrik"]
[Black "Grove, Michael"]
[Result "1-0"]
[WhiteElo "2261"]
[BlackElo "2015"]
[PlyCount "79"]
[EventDate "2013.??.??"]
[EventCountry "DEN"]


1. d4 Nf6 2. c4 c5 3. d5 e6 4. Nc3 exd5 5. cxd5 d6 6. Nf3 g6 7. Bf4 Nh5 8. Bg5
f6 9. Bh4 g5 10. Bg3 Bf5 11. e4 Bg6 12. Bb5+ Nd7 13. Nd2 Be7 14. Nc4 Nxg3 15.
hxg3 O-O 16. Qg4 Ne5 17. Nxe5 fxe5 18. Bd7 b5 19. Be6+ Kg7 20. Qe2 a6 21. O-O
Qb6 22. b3 Qa7 23. a4 b4 24. Nd1 a5 25. Nb2 Bd8 26. Nc4 Qe7 27. g4 Bc7 28. g3
Rf6 29. Qd3 Raf8 30. Ne3 Kh8 31. Kg2 Kg7 32. Bf5 Rh8 33. Rh1 Be8 34. Rh3 Bg6
35. Rah1 h6 36. Bxg6 Kxg6 37. Nf5 Qf8 38. Qb5 Rxf5 39. gxf5+ Kf6 40. Qd7 1-0

[Event "Admiral Niels Juel Cup 2013"]
[Site "Koge"]
[Date "2013.04.27"]
[Round "10"]
[White "Eriksson, Christian Altenburg"]
[Black "Aage, Bjarke Gadgaard"]
[Result "1-0"]
[WhiteElo "2173"]
[BlackElo "2067"]
[PlyCount "49"]
[EventDate "2013.??.??"]
[EventCountry "DEN"]


1. e4 Nf6 2. e5 Nd5 3. d4 d6 4. Nf3 Bg4 5. Be2 e6 6. c4 Nb6 7. exd6 cxd6 8. Nc3
Nc6 9. d5 exd5 10. cxd5 Bxf3 11. Bxf3 Ne5 12. O-O Be7 13. Bf4 O-O 14. Re1 Bf6
15. Be4 Rc8 16. Qb3 Qd7 17. Nb5 a6 18. Na7 Rc7 19. Bxe5 dxe5 20. Qxb6 Be7 21.
Rac1 Bd6 22. Rxc7 Qxc7 23. Qxc7 Bxc7 24. Nc8 Rxc8 25. Rc1 1-0

[Event "Admiral Niels Juel Cup 2013"]
[Site "Koge"]
[Date "2013.04.27"]
[Round "10"]
[White "Bruun, Henrik Emil"]
[Black "Kokholm, Daniel"]
[Result "1/2-1/2"]
[WhiteElo "2085"]
[BlackElo "1937"]
[PlyCount "57"]
[EventDate "2013.??.??"]
[EventCountry "DEN"]


1. e4 d6 2. d4 Nf6 3. f3 g6 4. Be3 c6 5. c4 Bg7 6. Qd2 O-O 7. Nc3 e5 8. d5 Ne8
9. g4 Qh4+ 10. Bf2 Qe7 11. h4 h6 12. O-O-O c5 13. Nge2 Nc7 14. Ng3 a5 15. Na4
Ra6 16. h5 g5 17. Kb1 b6 18. Bd3 Rd8 19. Bc2 Qe8 20. Nc3 Bd7 21. Nf5 Bf8 22.
Be3 f6 23. Ne2 b5 24. cxb5 Nxb5 25. Bd3 Ra7 26. Bxb5 Bxb5 27. Nc3 Bd7 28. a3
Rc8 29. Qc2 1/2-1/2

[Event "Admiral Niels Juel Cup 2013"]
[Site "Koge"]
[Date "2013.04.27"]
[Round "10"]
[White "Bjorn, Steen"]
[Black "Stuhr, Peter Sebastian"]
[Result "0-1"]
[WhiteElo "1608"]
[BlackElo "1941"]
[PlyCount "90"]
[EventDate "2013.??.??"]
[EventCountry "DEN"]


1. c4 e5 2. Nc3 Nc6 3. g3 f5 4. e3 Nf6 5. Bg2 Bc5 6. Nge2 Qe7 7. O-O O-O 8. d4
Bb4 9. Nd5 Nxd5 10. Bxd5+ Kh8 11. Bd2 f4 12. Bxb4 Nxb4 13. dxe5 f3 14. Nf4 Nxd5
15. Qxd5 Qf7 16. h4 Qxd5 17. cxd5 Re8 18. e6 dxe6 19. Nxe6 Bxe6 20. dxe6 Rxe6
21. Rfd1 Rae8 22. Rd7 R6e7 23. Rad1 Kg8 24. R1d4 h6 25. Kf1 c6 26. Ke1 g5 27.
hxg5 hxg5 28. Kd2 b6 29. a3 a5 30. R4d6 Rxd7 31. Rxd7 Re5 32. Kd3 Rb5 33. Kc3
a4 34. e4 Kf8 35. Rd6 Rb3+ 36. Kc2 Kf7 37. e5 Rb5 38. Rf6+ Kg7 39. Rxf3 Rxe5
40. Re3 Rxe3 41. fxe3 Kf6 42. Kd3 Ke5 43. g4 b5 44. e4 c5 45. Ke3 b4 0-1

[Event "Admiral Niels Juel Cup 2013"]
[Site "Koge"]
[Date "2013.04.27"]
[Round "10"]
[White "Brondum, Jan Kraul"]
[Black "Petersen, Henry"]
[Result "1/2-1/2"]
[WhiteElo "1585"]
[BlackElo "1159"]
[PlyCount "53"]
[EventDate "2013.??.??"]
[EventCountry "DEN"]


1. e4 e5 2. Nf3 Nc6 3. Bb5 a6 4. Ba4 Nf6 5. O-O d6 6. Re1 Bg4 7. c3 Be7 8. h3
Be6 9. d4 exd4 10. cxd4 Bd7 11. Nc3 b5 12. Bb3 O-O 13. a3 Qc8 14. Kh2 Qb7 15.
e5 dxe5 16. dxe5 Bd6 17. exd6 cxd6 18. Qxd6 Rfd8 19. Qg3 Bf5 20. Bg5 Bg6 21.
Bxf6 gxf6 22. Nh4 Ne5 23. f4 Nd3 24. Red1 Nxb2 25. Rxd8+ Rxd8 26. f5 Rd3 27.
Qe1 1/2-1/2